[Event "ROM-ch U12"]
[Site "Calimanesti Caciulata"]
[Date "2016.04.22"]
[Round "6"]
[White "Nicoara, David Cristian"]
[Black "Pricope, Marco Valentin"]
[Result "1-0"]
[WhiteElo "1517"]
[BlackElo "1234"]
[PlyCount "79"]
[EventDate "2016.04.18"]
[EventType "swiss"]
[EventRounds "9"]
[EventCountry "ROU"]
[SourceTitle "CBM 172 Extra"]
[Source "ChessBase"]
[SourceDate "2016.06.21"]
[SourceVersion "1"]
[SourceVersionDate "2016.06.21"]
[SourceQuality "1"]

1. e4 e5 2. Nf3 Nf6 3. Nxe5 Qe7 4. Nf3 Nxe4 5. Be2 g6 6. 0-0 Bg7 7. Nc3 0-0 8. Re1 Qd8 9. Nxe4 Re8 10. Nc3 d5 11. d4 Nc6 12. Be3 a6 13. a3 Bf5 14. Bd3 Bg4 15. Be2 Bf5 16. Qd2 Qd7 17. Rac1 b5 18. Qd1 h5 19. Nb1 Rab8 20. Nbd2 Rb7 21. Nb3 Ra7 22. Nc5 Qc8 23. Nh4 Kf8 24. Nxf5 Qxf5 25. Qd2 Re7 26. Bh6 Re8 27. Bxg7+ Kxg7 28. Bd3 Rxe1+ 29. Rxe1 Qf6 30. Nd7 Qd6 31. Ne5 Nxe5 32. Rxe5 Ra8 33. Qe2 Qf6 34. c3 c6 35. Re7 a5 36. Qe5 Qxe5 37. dxe5 Kf8 38. Rb7 Rc8 39. f4 a4 40. Kf2 1-0

[Event "ROM-ch U12"]
[Site "Calimanesti Caciulata"]
[Date "2016.04.18"]
[Round "1"]
[White "Pricope, Marco Valentin"]
[Black "Metehau, Luca Mihnea"]
[Result "0-1"]
[WhiteElo "1234"]
[BlackElo "1696"]
[PlyCount "138"]
[EventDate "2016.04.18"]
[EventType "swiss"]
[EventRounds "9"]
[EventCountry "ROU"]
[SourceTitle "CBM 172 Extra"]
[Source "ChessBase"]
[SourceDate "2016.06.21"]
[SourceVersion "1"]
[SourceVersionDate "2016.06.21"]
[SourceQuality "1"]

1. e4 e5 2. Nf3 Nc6 3. Bc4 Nf6 4. Nc3 Be7 5. 0-0 0-0 6. d3 d6 7. Re1 Na5 8. Bb3 Nxb3 9. axb3 Ne8 10. Nd5 f5 11. Nxe7+ Qxe7 12. exf5 Bxf5 13. Qe2 Bg4 14. Qe4 Bxf3 15. gxf3 c6 16. f4 Qf6 17. Bd2 exf4 18. Qe6+ Qf7 19. Qxf7+ Rxf7 20. f3 g5 21. h3 a6 22. Re6 Rd8 23. Ra5 d5 24. Ra1 Nc7 25. Re5 h6 26. Kf2 Kh7 27. Rae1 Kg6 28. Ba5 Rdd7 29. Bxc7 Rxc7 30. Re6+ Kg7 31. Rg1 Rf6 32. Re5 Rg6 33. Rge1 Kf7 34. c4 dxc4 35. bxc4 Rd6 36. Rf5+ Kg6 37. Rfe5 Kf6 38. R1e2 Rcd7 39. c5 Rxd3 40. Re6+ Kf7 41. Rxh6 Rd2 42. h4 Kg7 43. hxg5 Rxe2+ 44. Kxe2 Rd5 45. Rh4 Rxg5 46. Rg4 Kf6 47. Rxf4+ Ke6 48. Rg4 Rxc5 49. Kd3 Kf5 50. b4 Rd5+ 51. Ke3 c5 52. Rh4 cxb4 53. Rxb4 b5 54. Rf4+ Ke5 55. Re4+ Kd6 56. f4 a5 57. Rd4 Rxd4 58. Kxd4 b4 59. f5 a4 60. f6 Ke6 61. f7 Kxf7 62. Kc4 b3 63. Kc3 Ke6 64. Kb2 Kd5 65. Ka3 Kd4 66. Kb2 Kd3 67. Ka3 Kc2 68. Kb4 b2 69. Kc5 b1Q 0-1

[Event "ROM-ch U12"]
[Site "Calimanesti"]
[Date "2015.04.03"]
[Round "6"]
[White "Chiorescu, Vlad"]
[Black "Pricope, Marco Valentin"]
[Result "1/2-1/2"]
[WhiteElo "1189"]
[BlackElo "1127"]
[PlyCount "59"]
[EventDate "2015.03.30"]
[EventType "swiss"]
[EventRounds "9"]
[EventCountry "ROU"]
[SourceTitle "CBM 165 Extra"]
[Source "ChessBase"]
[SourceDate "2015.04.21"]
[SourceVersion "1"]
[SourceVersionDate "2015.04.21"]
[SourceQuality "1"]

1. b3 e5 2. Bb2 Nc6 3. e3 Nf6 4. Bb5 Bd6 5. Nf3 e4 6. Nd4 0-0 7. Nxc6 bxc6 8. Be2 Re8 9. 0-0 Be7 10. d3 d5 11. dxe4 Nxe4 12. Nd2 Bf5 13. h3 Nf6 14. Rc1 Bc5 15. Bd4 Bxd4 16. exd4 Rb8 17. Bd3 Bxd3 18. cxd3 Qd7 19. Qc2 Rb6 20. Nb1 Qd6 21. Qc5 Rd8 22. Rfe1 Qxc5 23. dxc5 Rbb8 24. d4 Nh5 25. g3 h6 26. Re7 Rdc8 27. Rce1 Nf6 28. Nc3 Rb4 29. Rd1 Kf8 30. Ree1 1/2-1/2

[Event "ROM-ch U12"]
[Site "Calimanesti"]
[Date "2015.03.31"]
[Round "2"]
[White "Pricope, Marco Valentin"]
[Black "Tabara, Andrei Cristian"]
[Result "0-1"]
[WhiteElo "1127"]
[BlackElo "1444"]
[PlyCount "107"]
[EventDate "2015.03.30"]
[EventType "swiss"]
[EventRounds "9"]
[EventCountry "ROU"]
[SourceTitle "CBM 165 Extra"]
[Source "ChessBase"]
[SourceDate "2015.04.21"]
[SourceVersion "1"]
[SourceVersionDate "2015.04.21"]
[SourceQuality "1"]

1. e4 e5 2. Nf3 Nc6 3. Bb5 d6 4. 0-0 a6 5. Bxc6+ bxc6 6. Nc3 Nf6 7. d4 exd4 8. Nxd4 c5 9. Nf3 Be7 10. Bg5 h6 11. Bh4 0-0 12. Re1 Nd7 13. Bxe7 Qxe7 14. Nd5 Qd8 15. h3 Nb6 16. Nc3 Bb7 17. Rb1 Qd7 18. Qe2 Rfe8 19. Rbd1 Re7 20. Rd3 a5 21. b3 Ba6 22. a4 Bxd3 23. Qxd3 Rae8 24. Nh4 Re6 25. Nf5 Re5 26. Ng3 f5 27. f4 fxe4 28. Rxe4 Rxe4 29. Ngxe4 Rf8 30. Qf3 Qf5 31. Ne2 Nd5 32. c4 Nxf4 33. Nxf4 Qxf4 34. Qxf4 Rxf4 35. Nd2 Rd4 36. Nf3 Rd3 37. Nh4 Rxb3 38. Nf5 Rb4 39. Ne3 Rxa4 40. Kf1 Ra3 41. Ke2 Rb3 42. Kd2 a4 43. Nd1 a3 44. Kc2 Rb8 45. Nc3 Rb2+ 46. Kc1 Rxg2 47. h4 a2 48. Nxa2 Rxa2 49. Kb1 Rh2 50. Kc1 Rxh4 51. Kb2 g5 52. Kc3 h5 53. Kd3 g4 54. Ke3 0-1

[Event "ROM-ch U10"]
[Site "Calimanesti"]
[Date "2014.04.11"]
[Round "7"]
[White "Pricope, Marco Valentin"]
[Black "Tudose, Matei Ovidiu"]
[Result "1/2-1/2"]
[WhiteElo "1096"]
[BlackElo "1339"]
[PlyCount "44"]
[EventDate "2014.04.06"]
[EventType "swiss"]
[EventRounds "9"]
[EventCountry "ROU"]
[SourceTitle "CBM 160 Extra"]
[Source "ChessBase"]
[SourceDate "2014.07.01"]
[SourceVersion "1"]
[SourceVersionDate "2014.07.01"]
[SourceQuality "1"]

1. c4 c5 2. Nc3 Nc6 3. g3 d6 4. Bg2 Bd7 5. a3 a5 6. Rb1 Nf6 7. Nf3 g6 8. 0-0 Bg7 9. d3 0-0 10. Bd2 Qc8 11. Qc2 Bh3 12. Nb5 Bxg2 13. Kxg2 Re8 14. b4 axb4 15. axb4 cxb4 16. Bxb4 Nxb4 17. Rxb4 Qd7 18. Rd1 Rec8 19. e4 Ra5 20. Rdb1 Rb8 21. Ra4 Rxa4 22. Qxa4 Ne8 1/2-1/2